00728nam a22001577a 4500003000400000005001700004008004100021020001800062040000600080082001700086245015800103260004800261300001800309650015400327700008900481OSt20251228151107.0251228b |||||||| |||| 00| 0 eng d a9781138647275 cn a729 P94 2017 aAdaptive Architecture: Changing Parameters and Practice /cedited by Wolfgang F. E. Preiser (Editor), Andrea E. Hardy (Editor), Jacob J. Wilhelm (Editor) bNew York. Routledge (Taylor & Francis) 2017 a302 p. 24 cm. aAdaptive architecture | Sustainable building design | Responsive building systems | Architectural technology | Environmental design | Smart buildings aWolfgang F. E. Preiser (Editor), Andrea E. Hardy (Editor), Jacob J. Wilhelm (Editor)